00913nam a22002657a 45000010005000000030006000050050017000110080041000280200018000690400029000870500011001160820016001271000017001432450094001602500043002542600037002973000049003344900017003835050008004005200136004085210020005445210020005646500033005847000030006175088FISKH20260226101146.0241105b cb ||||| |||| 00| 0 eng d a9780590956062 aFISKHbengcFISKHdFISKH aE99.C5 a975.0049755 aRoop, Connie aIf You Lived with the Cherokee /cby Peter Roop, Connie Roop : illustrated by Kevin Smith aFirst Scholastic printing , April 1998 aNew York :bScholastic ;c1998 . a79 pages : bcolor illustrations ;c20 cm .  aIf you ..... aS  a"This book tells what it was like to grow up in a Cherokee family in the Great Smoky Mountains about 200 years ago"--Cover, P. [4].8 a800 bLexile 8 aS bRaz-Plus  aNative Americanvnon-fiction aSmith, Kevineillustrator